000 04513nam a22003377a 4500
001 TIC 0022
003 gtcocun
005 20250922200940.0
006 a||||gr|||| 00| 0
007 ta
008 250922b2023 gt ||||| m||| 00| 0 eng d
040 _agtcocun
_bSPA
_cgtcocun
_eRDA
041 _aSPA TIC 0022
084 _0TIC 0022
100 _aCantoral Ac, Luis Daniel
_eAutor
245 _aINFORME FINAL DEL EJERCICIO PROFESIONAL SUPERVISADO REALIZADO EN EL CASERÍO SEPUR SEBAC Y CASERÍO SANTO DOMINGO DEL MUNICIPIO DE SAN FERNANDO CHAHAL, ALTA VERAPAZ./
_cLuis Daniel Cantoral Ac,
_hImpreso
264 _aCobán, Alta Verapaz:
_bUniversidad de San Carlos de Guatemala, Centro Universitario del Norte, Ingenieria Civil
300 _a99 p.:
_bIlustraciones, gráficas.
_c28 cm;
300 _cPDF
336 _2rdacontenido
_aTexto
_btxt
337 _2rdamedio
_aComputadora
_bn
338 _2rdasoporte
_aCódigo en línea
_bcr
502 _eTIC 0022
502 _aTesis de grado
_bIngeniería Civil,
_cUniversidad de San Carlos de Guatemala, Centro Universitario del Norte, Ingeniería Civil
_d2023
_oTIC 0022
520 1 4 _aEl Ejercicio Profesional Supervisado EPS de la carrera de Ingeniería Civil del centro universitario del Norte CUNOR se desarrolló en el municipio de San Fernando Chahal del departamento de Alta Verapaz, en el que se llevó a cabo el desarrollo de este informe, para presentar las propuestas de los proyectos de, construcción de sistema de distribución de vital líquido en el caserío Sepur Sebac San Fernando Chahal, Alta Verapaz y Apertura de camino rural del caserío santo domingo Chahal Alta Verapaz. Durante el proceso de ejecución se realizaron múltiples actividades para determinar la forma de trabajo y los distintos criterios para poder diseñar los proyectos, para que estos cumplan con los requerimientos y normas vigentes en el país. Se inició con el econocimiento del área y ruta para cada uno de los proyectos. Posteriormente se realizó topografía, para el proyecto en caserío Sepur Sebac, se trabajó con un Sistema Americano de Navegación y localización mediante satélite GPS submétrico, se optó por este aparato por la topografía del lugar. Para el caserío santo Domingo se trabajó con una estación total. En ambos se obtuvo la altimetría y planimetría que permite tener mayor información de los puntos. Se hizo la extracción de muestras de los suelos para determinar sus propiedades físicas y mecánica. Los manuales para los proyectos de agua es el manual del INFOM y para el de carretera los que se utilizaron son y los manuales de Dirección General de Caminos, Especificaciones técnicas para caminos rurales y Especificaciones generales para construcción de carreteras y puentes (Libro Azul) guias necesarias para el desarrollo de la extracción de cada una de las muestras, ya que estas se deben de preservar para conservar sus propiedades. El proyecto de agua se planteó como un sistema de distribución de red abierta, que consta de 6 ramales, los cuales distribuirán el agua a las 65 casas del caserío Sepur Sebac beneficia a trecientos sesenta y cinco habitantes (365 habitantes), para ser un sistema de 5.4 km entre la conducción y la distribución. El diseño consta de las siguientes estructuras: un tanque de distribución, una estructura de captación del nacimiento, una caja rompe presión, una línea de conducción por gravedad, una línea de distribución por gravedad. Se analizó el agua del nacimiento a utilizar para verificar el cumplimiento con las normas de potabilidad, también se considera un sistema de cloración para asegurar su calidad. El proyecto de carretera parte del caserío Santo Domingo hasta el límite territorial con el municipio de Santa María Cahabón Alta Verapaz, Que consta de 1.2 km de longitud con un ancho de 5.5 mts para la calzada, en la cual se contemplan diseños de corte, relleno, cunetas, carrileras y drenajes transversales. Para cada proyecto se elaboraron planos, especificaciones técnicas, presupuestos y cronogramas de ejecución del proyecto.
650 1 4 _2LEMB
_aSan Fernando Chahal, Alta Verapaz.
_xIngeniería
_xProyectos
_xDiseño
_xManuales
_xConducción
_xCarrileras
700 _aInga. Civil Sindry Yaneth Pacay Morales
_eAsesor
856 _uhttps://drive.google.com/file/d/1x81a8aUvU4aqJ9YI0oOmncuQr5TJ2_cY/view
_yPDF
_zUn ejemplar en línea.
942 _2ddc
_cTES
_iTIC 0022
_kClasificación
_n0
_6TIC_0022_000000000000000
999 _c2067
_d2067